000 01104nam a22002537a 4500
005 20240530110538.0
008 160120s2013 ua a g b 001 0 ara d
020 _a9789953825977
040 _aEG-CaGPL
082 0 4 _221
_a323.443\
_bأ ج
245 0 0 _aجيل الشباب فى الوطن العربى ووسائل المشاركة غير التقليدية من المجال الافتراضى الى الثورة /
_cاحمد الساري ( و اخ ... ) ؛ اشراف : محمد العجاتى .
250 _aط1.
260 _aبيروت :
_bمركز دراسات الوحدة العربية ،
_c2013 .
300 _a287 ص ؛
_c24 سم .
504 _aببليوجرافية : ص 277 - 287
650 0 4 _aالشباب
_zالعالم العربى .
650 0 4 _aالانترنت
_zالعالم العربى .
650 0 4 _aالمشاركة السياسية
_zالعالم العربى .
651 0 4 _aالمغرب
_xتاريخ
_xحركة 20 فبراير .
700 0 _aاحمد السارى .
700 0 _aمحمد العجاتى
_eمشرف .
942 _2ddc
_cBK
999 _c62191
_d62191